000 00533nam a2200181Ia 4500
005 20250508150540.0
008 008 250505s9999 xx 000 0 hin d
037 _aTextBook
040 _aFEDL
_beng
_cFEDL
041 _ahin
_2eng
084 _a301.152, TOL
_qFEDL
245 0 _aSamajik kuritiya : Tolstoy ki social evils and their remedy ka anuwad
260 _aNew Delhi, India
_bSasta Sahitya Mandal
_c1947
300 _a235p.
650 _aSociology
942 _cTB
_h301.152, TOL
999 _c1324198
_d1324198